La belleza del objeto cotidiano (Registro nro. 318849)

Detalles MARC
000 -ENCABEZADO
Número de control [NR] 01015nam a2200253 a 4500
005 - FECHA Y HORA DE LA ÚLTIMA TRANSACCIÓN
control field 20210726144352.0
008 - DE LONGITUD FIJA DE DATOS DE ELEMENTOS - INFORMACIÓN GENERAL
Elementos de longitud fija [NR] 120830s2020 sp a|||gr|||| 00| 0 spa d
020 ## - NUMERO INTERNACIONAL NORMALIZADO PARA LIBROS [R]
Número Internacional Normalizado del libro [NR] 9788425232985
040 ## - FUENTE DE CATALOGACION [NR]
Agencia de catalogación original [NR] CO-BoUCM
Idioma de catalogación [NR] spa
Quien Cataloga Deissy Garcia
Quien Clasifica Deissy Garcia
041 0# - CODIGO DE IDIOMA [R]
Código de idioma para texto/pista de sonido o título separado [R] Español
Language code of original and/or intermediate translations of text jpn
100 ## - ASIENTO PRINCIPAL--NOMBRE PERSONAL [NR]
Nombre personal [NR] Yanagi, Soetsu
ID Autoridad 103488
245 13 - MENCION DE TITULO [NR]
Título [NR] La belleza del objeto cotidiano
Mención de responsabilidad, etc. [NR] Soetsu Yanagi, con la colaboración de The Japan Folk Crafts Museum ; traducción de Álvaro Marcos
260 ## - PUBLICACION, DISTRIBUCION, ETC. (PIE DE IMPRENTA) [R]
Lugar de publicación, distribución, etc. [R] Barcelona
Nombre del editor, distribuidor, etc. [R] Gustavo Gili
Fecha de publicación, distribución, etc. [R] 2020
300 ## - DESCRIPCION FISICA [R]
Extensión [R] 238 páginas
Otros detalles físicos [NR] ilustraciones
500 ## - NOTA GENERAL [R]
Nota general [NR] Bibliografía Básica - Facultad de Creación - Pregrado en Artes - Diseño - Arquitectura
504 ## - NOTA DE BIBLIOGRAFIA, ETC. [R]
Nota de bibliografía, etc. [NR] Incluye referencias bibliográficas
650 #0 - ASIENTO SECUNDARIO DE MATERIA - TERMINO TEMATICO [R]
9 (RLIN) 104342
Término temático o nombre geográfico como elemento de entrada [NR] Artesanía
Subdivisión geográfica [R] Japón
650 #0 - ASIENTO SECUNDARIO DE MATERIA - TERMINO TEMATICO [R]
Término temático o nombre geográfico como elemento de entrada [NR] Arte decorativo
Subdivisión geográfica [R] Japón
9 (RLIN) 104344
650 #7 - ASIENTO SECUNDARIO DE MATERIA - TERMINO TEMATICO [R]
9 (RLIN) 15073
Término temático o nombre geográfico como elemento de entrada [NR] Estética
700 1# - ASIENTO SECUNDARIO - NOMBRE PERSONAL [R]
9 (RLIN) 104343
Nombre personal [NR] Marcos, Álvaro
Término de relación [R] traductor
710 ## - ASIENTO SECUNDARIO - NOMBRE CORPORATIVO [R]
Nombre corporativo o de jurisdicción como elemento de entrada [NR] The Japan Folk Crafts Museum
9 (RLIN) 104345
942 ## - ELEMENTOS DE ENTRADA AGREGADOS (KOHA)
Tipo de ítem principal el descrito en 300a Libro
Sistema de clasificación DEWEY
Tema principal Arte
Edición 1
Clasificación 745
Parte restante de la signatura top. Y21b
Título oculto en OPAC No
Existencias
Fecha de último préstamo Total préstamos Total Renewals Signatura topográfica Código de barras Última vez visto Ejemplar Costo de reposición Price effective from Tipo de ítem Perdido Sistema de clasificación Dañado No prestable Tipo de ítem específico Suprimido Ubicación habitual Ubicación actual Localización Fecha de creación Proveedor Forma de adquisición Costo
10/02/2026 1 1 745 Y21b 100167541 24/03/2026 Ej.1 89000.00 06/07/2021 Libro   DEWEY     Libro   Claustro Claustro 2do piso 06/07/2021 157 Compra 89000.00